Feasibility study on e-court system for the African Court on Human and Peoples' Rights (Record no. 5231)

MARC details
000 -LEADER
fixed length control field 00885nam a22002177a 4500
003 - CONTROL NUMBER IDENTIFIER
control field TZ-ArACH
005 - DATE AND TIME OF LATEST TRANSACTION
control field 20190924112911.0
008 - FIXED-LENGTH DATA ELEMENTS--GENERAL INFORMATION
fixed length control field 190924b xxu||||| |||| 00| 0 eng d
040 ## - CATALOGING SOURCE
Transcribing agency TZ-ArACH
050 ## - LIBRARY OF CONGRESS CALL NUMBER
Classification number KQC576
Item number .A47
110 ## - MAIN ENTRY--CORPORATE NAME
Corporate name or jurisdiction name as entry element African Court on Human and Peoples' Rights & National IT Industry Promotion Agency
245 ## - TITLE STATEMENT
Title Feasibility study on e-court system for the African Court on Human and Peoples' Rights
Statement of responsibility, etc African Court on Human and Peoples' Rights & National IT Industry Promotion Agency (Korea)
260 ## - PUBLICATION, DISTRIBUTION, ETC. (IMPRINT)
Place of publication, distribution, etc Seoul (South Korea) ;
Name of publisher, distributor, etc National IT Industry Promotion Agency;
Date of publication, distribution, etc 2018.
300 ## - PHYSICAL DESCRIPTION
Extent 206 p.
Dimensions 29 cm
504 ## - BIBLIOGRAPHY, ETC. NOTE
Bibliography, etc Contains various illustrations.
610 ## - SUBJECT ADDED ENTRY--CORPORATE NAME
Corporate name or jurisdiction name as entry element African Court on Human and Peoples' Rights
610 ## - SUBJECT ADDED ENTRY--CORPORATE NAME
Corporate name or jurisdiction name as entry element National IT Industry Promotion Agency (South Korea)
650 ## - SUBJECT ADDED ENTRY--TOPICAL TERM
Topical term or geographic name as entry element e-Court system
650 ## - SUBJECT ADDED ENTRY--TOPICAL TERM
Topical term or geographic name as entry element Court automation
942 ## - ADDED ENTRY ELEMENTS (KOHA)
Source of classification or shelving scheme Library of Congress Classification
Koha item type Books
Holdings
Home library Current library Date acquired Full call number Barcode Koha item type
African Court on Human and Peoples' Rights Library African Court on Human and Peoples' Rights Library 24/09/2019 KQC576 .A47 2018 10209794 Books

African Court on Human and Peoples' Rights | For Inquiries Contact » +255 272 510 510